000
00330nam a2200157Ia 4500
001
3883
003
IN-NITTTR
005
20251114232952.0
008
251113s9999||||xx |||||||||||||| ||eng||
040
_b
eng
040
_c
IN-NITTTR
041
_a
eng
082
_a
621.9 C365W
245
0
_a
Workshop technology /
942
_2
ddc
_c
BK
999
_c
6225
_d
6225